MyGZULibrary

A companion to qualitative research / (Record no. 1170)

MARC details
000 -LEADER
fixed length control field 01866cam a2200409 a 4500
001 - CONTROL NUMBER
control field 13330506
003 - CONTROL NUMBER IDENTIFIER
control field GZU
005 - DATE AND TIME OF LATEST TRANSACTION
control field 20200929095758.0
008 - FIXED-LENGTH DATA ELEMENTS--GENERAL INFORMATION
fixed length control field 030902s2004 enka 000 0 eng
010 ## - LIBRARY OF CONGRESS CONTROL NUMBER
LC control number 2003112201
020 ## - INTERNATIONAL STANDARD BOOK NUMBER
International Standard Book Number 0761973745
035 ## - SYSTEM CONTROL NUMBER
System control number (DLC) 2003112201
040 ## - CATALOGING SOURCE
Original cataloging agency DLC
Transcribing agency DLC
Modifying agency DLC
041 1# - LANGUAGE CODE
Language code of text/sound track or separate title eng
Language code of original ger
042 ## - AUTHENTICATION CODE
Authentication code pcc
050 00 - LIBRARY OF CONGRESS CALL NUMBER
Classification number H61
Item number .Q16513 FLI 2005
082 00 - DEWEY DECIMAL CLASSIFICATION NUMBER
Classification number 300/.72
Edition number 22
130 0# - MAIN ENTRY--UNIFORM TITLE
Uniform title Qualitative Forschung.
Language of a work English.
245 12 - TITLE STATEMENT
Title A companion to qualitative research /
Statement of responsibility, etc. edited by Uwe Flick, Ernst von Kardorff, and Ines Steinke ; translated by Bryan Jenner.
260 ## - PUBLICATION, DISTRIBUTION, ETC.
Place of publication, distribution, etc. London ;
-- Thousand Oaks, Calif. :
Name of publisher, distributor, etc. Sage Publications,
Date of publication, distribution, etc. 2004.
300 ## - PHYSICAL DESCRIPTION
Extent xiv, 432 p. :
Other physical details ill. ;
Dimensions 25 cm.
500 ## - GENERAL NOTE
General note "This English edition first published 2004"--T.p. verso.
500 ## - GENERAL NOTE
General note "Originally published in the series 'Rowohlts Enzyklopädie' under the title Qualitative Forschung : Ein Handbuch"--T.p. verso.
546 ## - LANGUAGE NOTE
Language note Translation of: Qualitative Forschung : ein Handbuch. 3. Aufl. Uwe Flick ... . Rowohlts Enzyklopädie ; 55628. Reinbeck bei Hamburg : Rowohlt Taschenbuch, 2004.
650 #0 - SUBJECT ADDED ENTRY--TOPICAL TERM
Topical term or geographic name entry element Social sciences
General subdivision Methodology.
650 #0 - SUBJECT ADDED ENTRY--TOPICAL TERM
Topical term or geographic name entry element Qualitative research.
650 #0 - SUBJECT ADDED ENTRY--TOPICAL TERM
Topical term or geographic name entry element Research
General subdivision Methodology.
650 #0 - SUBJECT ADDED ENTRY--TOPICAL TERM
Topical term or geographic name entry element Social sciences
General subdivision Research.
700 1# - ADDED ENTRY--PERSONAL NAME
Personal name Flick, Uwe,
Dates associated with a name 1956-
700 1# - ADDED ENTRY--PERSONAL NAME
Personal name Kardorff, Ernst von,
Dates associated with a name 1950-
700 1# - ADDED ENTRY--PERSONAL NAME
Personal name Steinke, Ines,
Dates associated with a name 1965-
856 41 - ELECTRONIC LOCATION AND ACCESS
Materials specified Table of contents only
Uniform Resource Identifier <a href="http://www.loc.gov/catdir/toc/fy054/2003112201.html">http://www.loc.gov/catdir/toc/fy054/2003112201.html</a>
856 42 - ELECTRONIC LOCATION AND ACCESS
Materials specified Publisher description
Uniform Resource Identifier <a href="http://www.loc.gov/catdir/enhancements/fy0657/2003112201-d.html">http://www.loc.gov/catdir/enhancements/fy0657/2003112201-d.html</a>
906 ## - LOCAL DATA ELEMENT F, LDF (RLIN)
a 7
b cbc
c orignew
d 2
e epcn
f 20
g y-gencatlg
942 ## - ADDED ENTRY ELEMENTS (KOHA)
Source of classification or shelving scheme Library of Congress Classification
Koha item type Books
Classification part 61.Q 6513
Item part FLI 2005
Call number prefix H
Holdings
Withdrawn status Lost status Damaged status Not for loan Collection code Home library Current library Shelving location Date acquired Total Checkouts Full call number Barcode Date last seen Copy number Price effective from Koha item type
        Non-fiction City Campus Library City Campus Library General Stacks 09/29/2020   H61.Q6513 FLI 2005 B017557 09/29/2020 C.1 09/29/2020 Books